Construcción y validación de un cuestionario de actitudes hacia la innovación educativa en la universidad (Record no. 182829)
[ view plain ]
| 000 -CABECERA | |
|---|---|
| campo de control de longitud fija | 01767nab a2200277 a 4500 |
| 005 - FECHA Y HORA DE LA ÚLTIMA TRANSACCIÓN | |
| campo de control | 20210219162803.0 |
| 008 - ELEMENTOS DE LONGITUD FIJA--INFORMACIÓN GENERAL | |
| campo de control de longitud fija | 991125s1985 mx 000 0 spa u |
| 035 ## - NÚMERO DE CONTROL DEL SISTEMA | |
| Número de control de sistema | UPN01000210728 |
| 049 ## - COLECCIÓN | |
| Colección | ART |
| 100 1# - ASIENTO PRINCIPAL--NOMBRE PERSONAL | |
| Nombre de persona | Traver Martí, Joan Andrés |
| 100 1# - ASIENTO PRINCIPAL--NOMBRE PERSONAL | |
| Filiación | jtraver@uji.es |
| 100 1# - ASIENTO PRINCIPAL--NOMBRE PERSONAL | |
| Nombre de persona | Ferrández Berrueco, Reina |
| 100 1# - ASIENTO PRINCIPAL--NOMBRE PERSONAL | |
| Filiación | ferrande@uji.es |
| 222 #0 - TÍTULO CLAVE | |
| Título clave | PERFILES EDUCATIVOS |
| 245 00 - MENCIÓN DE TÍTULO | |
| Título | Construcción y validación de un cuestionario de actitudes hacia la innovación educativa en la universidad |
| 260 ## - PUBLICACIÓN, DISTRIBUCIÓN, ETC. | |
| Lugar de publicación, distribución, etc. | México |
| 300 ## - DESCRIPCIÓN FÍSICA | |
| Extensión | 86-103 |
| 362 0# - FECHAS DE PUBLICACIÓN Y/O DESIGNACIÓN SECUENCIAL | |
| Fecha de publicación y/o designación secuencial | 2016 Volumen 38, número 151 |
| 520 3# - NOTA DE RESUMEN, ETC. | |
| Sumario, etc. | El presente trabajo tiene como objetivo la construcción de un cuestionario para valorar las actitudes del estudiantado y el profesorado universitario frente a la innovación educativa en la universidad (QUACINE). En su diseño y elaboración partimos de la teoría de la acción razonada de Fishbein y Ajzen como modelo de análisis actitudinal, y de las escalas sumativas (Likert) como instrumento de medida. El cuestionario se administró a dos grupos de profesorado y estudiantado de la Universitat Jaume I de Castellón (España). A partir de los resultados obtenidos en el proceso de validación se presenta una escala actitudinal con niveles altos de fiabilidad, de validez de contenido y de constructo, para ambos colectivos. Consideramos que estas características técnicas permiten la utilización del QUACINE para medir estas actitudes en los procesos de cambio y mejora educativa en la enseñanza superior |
| 653 0# - TERMINO DE INDIZACION - NO CONTROLADO | |
| Término no controlado | ACTITUDES DOCENTES |
| 653 0# - TERMINO DE INDIZACION - NO CONTROLADO | |
| Término no controlado | ACTITUDES DEL ESTUDIANTE |
| 653 0# - TERMINO DE INDIZACION - NO CONTROLADO | |
| Término no controlado | INNOVACION EDUCATIVA |
| 653 0# - TERMINO DE INDIZACION - NO CONTROLADO | |
| Término no controlado | EDUCACION SUPERIOR |
| 856 4# - LOCALIZACIÓN Y ACCESO ELECTRÓNICOS | |
| Identificador Uniforme del Recurso | <a href="http://www.redalyc.org/articulo.oa?id=13243471006">http://www.redalyc.org/articulo.oa?id=13243471006</a> |
| 905 ## - TIPO DE MATERIAL | |
| Tipo de material | Articulo |
No items available.
